| 000 | 00327nam a2200133 i 4500 | ||
|---|---|---|---|
| 001 | bg | ||
| 100 | 1 |
_aIngarden, Roman _d(1893-1970). |
|
| 245 | 0 |
_aWykłady i dyskusje z estetyki / _cRoman Ingardan. |
|
| 260 |
_aWarszawa, _c1981. |
||
| 040 | _cBPK | ||
| 041 | _apol | ||
| 942 | _cKS | ||
| 008 | s pl f |000 0 pol | ||
| 999 |
_c19951 _d19951 |
||
| 856 |
_uhttp://koha.tu.koszalin.pl/cgi-bin/koha/opac-detail.pl?biblionumber=19951 _yKatalog online BPK |
||